| 000 | 00440nam a2200205Ia 4500 | ||
|---|---|---|---|
| 001 | 12968 | ||
| 003 | GE_BSU | ||
| 008 | 181216s||||||||xx |||||||||||||| ||und|| | ||
| 020 | _a0340769416 | ||
| 040 | _cGE_BSU | ||
| 080 | _a821.111-32 | ||
| 100 | _aMeitzer,Brad. | ||
| 245 | 4 | _aThe Millionaires. | |
| 260 | _aLondon. | ||
| 260 | _bCorgi Books. | ||
| 260 | _c2002 | ||
| 300 | _a481p;18cm. | ||
| 653 | _aThe Millionaires. | ||
| 942 | _cBK | ||
| 999 |
_c46136 _d46136 |
||